| 000 | 00512nam a22002057a 4500 | ||
|---|---|---|---|
| 005 | 20230411180348.0 | ||
| 008 | 220318b2003 xxu||||| |||| 00| 0 spa d | ||
| 020 | _a9788483324103 | ||
| 041 |
_aING _aESP |
||
| 082 | _aR 423 D545d | ||
| 245 | _aDiccionario english - spanish español- inglés | ||
| 260 | _aEspaña | ||
| 260 | _bLarousse Editorial | ||
| 260 | _c2003 | ||
| 300 | _a345 páginas | ||
| 650 |
_aDICCIONARIOS _973964 |
||
| 650 |
_aINGLÉS _973965 |
||
| 650 |
_aESPAÑOL _973966 |
||
| 942 | _cREF | ||
| 999 |
_c13273 _d13273 |
||